000 00412nam a2200169Ia 4500
001 3525
005 20260306145650.0
008 260306t9999||||xx |||||||||||||| ||spa||
041 _aESP
082 _a287
_bC28
100 _aCardó Franco, Andrés
_eAUT
245 0 _aLa iglesia y la educación en el Perú
300 _a186 páginas :
_c23 cm.
650 _aGEN
654 _aCHU
942 _cLIB
_dJUS
_fJUS
_2ddc
_n
999 _c3525
_d3525